Drapeaux des Etats-Unis et des Territoires - Statistiques

Statistiques générales
  • Ce quiz a été pris 52 fois
    51 depuis la dernière actualisation
  • Le résultat moyen est 34 sur 58
Statistiques - réponses
Par images Réponse % Correct
Arkansas
85%
Californie
85%
Dakota du Nord
85%
Idaho
85%
Iowa
85%
Kansas
85%
Oklahoma
85%
Wisconsin
85%
Dakota du Sud
82%
Illinois
82%
Montana
82%
Oregon
82%
Washington
82%
Texas
79%
Guam
76%
Porto Rico
76%
Hawaï
73%
Wyoming
73%
Alaska
70%
Indiana
70%
Nebraska
70%
Nevada
67%
Floride
64%
Kentucky
64%
Colorado
61%
New Hampshire
61%
Alabama
58%
Caroline du Nord
58%
Vermont
58%
Virginie
58%
Delaware
55%
Maine
55%
Ohio
55%
Géorgie
52%
Maryland
52%
New York
52%
Nouveau-Mexique
52%
Rhode Island
52%
Samoa américaines
52%
Tennessee
52%
Virginie Occidentale
52%
Arizona
48%
Caroline du Sud
48%
Îles Mariannes du Nord
48%
Louisiane
48%
Connecticut
45%
Utah
45%
Pennsylvanie
42%
Massachusetts
39%
Minnesota
39%
Mississippi
39%
Michigan
36%
Missouri
36%
New Jersey
36%
Île Wake
27%
Atoll Midway
12%
Washington (district de Columbia
9%
Atoll Palmyra
6%
Aucun quiz correspondant
Distribution des résultats
% des personnes avec chaque résultat
Percentile par nombre de réponses
Votre historique - résultats
Vous n’avez pas pris ce quiz depuis la dernière actualisation